[Event "Pardubice Region-chT 2223"]
[Site "Czech Republic"]
[Date "2023.02.26"]
[Round "9.8"]
[White "Halmazna, Jiri"]
[Black "Zeman, Ladislav"]
[Result "0-1"]
[WhiteElo "1690"]
[BlackElo "1807"]
[PlyCount "34"]
[EventDate "2022.10.09"]
[EventType "team-tourn"]
[EventRounds "11"]
[EventCountry "CZE"]
[SourceTitle "EXT 2024"]
[Source "ChessBase"]
[SourceDate "2023.10.10"]
[SourceVersion "1"]
[SourceVersionDate "2023.10.10"]
[SourceQuality "1"]

1. Nf3 Nf6 2. g3 d5 3. Bg2 Bf5 4. d3 e6 5. Nbd2 Nc6 6. 0-0 Be7 7. c3 0-0 8. h3 Bg6 9. Qa4 Nd7 10. Nh2 Nb6 11. Qc2 f5 12. f4 Bc5+ 13. Kh1 a5 14. a3 a4 15. Rd1 Qe7 16. Bf1 Qh4 17. gxh4 h5 0-1

[Event "Pardubice Region-chT 2223"]
[Site "Czech Republic"]
[Date "2023.02.12"]
[Round "8.8"]
[White "Zeman, Ladislav"]
[Black "Macek, Jaroslav1111"]
[Result "1-0"]
[WhiteElo "1807"]
[BlackElo "1478"]
[PlyCount "105"]
[EventDate "2022.10.09"]
[EventType "team-tourn"]
[EventRounds "11"]
[EventCountry "CZE"]
[SourceTitle "EXT 2024"]
[Source "ChessBase"]
[SourceDate "2023.10.10"]
[SourceVersion "1"]
[SourceVersionDate "2023.10.10"]
[SourceQuality "1"]

1. e4 c5 2. Nc3 d6 3. g3 Nf6 4. Bg2 e6 5. Nf3 Be7 6. e5 dxe5 7. Nxe5 a6 8. d3 Nbd7 9. Nxd7 Qxd7 10. 0-0 0-0 11. Qe2 Rb8 12. a4 b6 13. Bf4 Bd6 14. Bxd6 Qxd6 15. Ne4 Nxe4 16. dxe4 e5 17. Rfd1 Qe7 18. Qd3 b5 19. axb5 axb5 20. f3 Be6 21. Qd6 Qxd6 22. Rxd6 Rfd8 23. Rxd8+ Rxd8 24. Kf2 Kf8 25. Ke3 Ke7 26. Ra5 Rb8 27. Bf1 c4 28. Be2 Kd6 29. Kd2 Kc5 30. Kc3 Rb7 31. b3 cxb3 32. cxb3 g6 33. Bd3 h5 34. b4+ Kc6 35. f4 exf4 36. gxf4 f6 37. Ra6+ Rb6 38. Ra8 Kd7 39. Ra7+ Ke8 40. Rc7 Bd7 41. Rc5 Ke7 42. h4 Rc6 43. Rxc6 Bxc6 44. e5 fxe5 45. Bxg6 exf4 46. Bxh5 Kf6 47. Bg4 Ke5 48. Kd2 Kd4 49. h5 Be4 50. h6 Kc4 51. Be2+ Kd4 52. Bxb5 Ke5 53. Bd3 1-0

[Event "Pardubice Region-chT 2223"]
[Site "Czech Republic"]
[Date "2023.01.15"]
[Round "6.7"]
[White "Makes, Martin"]
[Black "Zeman, Ladislav"]
[Result "1/2-1/2"]
[WhiteElo "1979"]
[BlackElo "1802"]
[PlyCount "91"]
[EventDate "2022.10.09"]
[EventType "team-tourn"]
[EventRounds "11"]
[EventCountry "CZE"]
[SourceTitle "EXT 2024"]
[Source "ChessBase"]
[SourceDate "2023.10.10"]
[SourceVersion "1"]
[SourceVersionDate "2023.10.10"]
[SourceQuality "1"]

1. d4 d5 2. c4 e6 3. Nc3 c6 4. Nf3 Nf6 5. Bg5 Bb4 6. Nd2 Bxc3 7. bxc3 h6 8. Bh4 Nbd7 9. e3 0-0 10. Bd3 e5 11. 0-0 e4 12. Be2 Re8 13. cxd5 cxd5 14. c4 Qa5 15. Qc2 dxc4 16. Nxc4 Qd5 17. Bg3 Re6 18. Ne5 Nxe5 19. dxe5 Rc6 20. Qa4 Nd7 21. Bb5 Rb6 22. Bc4 Qc6 23. Qxc6 bxc6 24. Rfd1 Nc5 25. Rd8+ Kh7 26. Bxf7 Rab8 27. h3 g5 28. e6 Rb1+ 29. Rxb1 Rxb1+ 30. Kh2 Bxe6 31. Bxe6 Nxe6 32. Rd6 Nc5 33. Rxc6 Nd3 34. Rc4 Rb4 35. Rxb4 Nxb4 36. a3 Nd3 37. f3 exf3 38. gxf3 Kg6 39. Bd6 Kf5 40. Kg3 a5 41. h4 a4 42. Bf8 Kg6 43. e4 Ne5 44. hxg5 hxg5 45. Be7 Nc4 46. Bc5 1/2-1/2

[Event "Olomouc Seniors op"]
[Site "Olomouc"]
[Date "2022.08.16"]
[Round "5"]
[White "Zeman, Ladislav"]
[Black "Vales, Vaclav"]
[Result "0-1"]
[WhiteElo "1755"]
[BlackElo "2036"]
[PlyCount "104"]
[EventDate "2022.08.13"]
[EventType "swiss"]
[EventRounds "9"]
[EventCountry "CZE"]
[SourceTitle "CBM 209 Extra"]
[Source "ChessBase"]
[SourceDate "2022.09.30"]
[SourceVersion "1"]
[SourceVersionDate "2022.09.30"]
[SourceQuality "1"]

1. e4 c5 2. Nc3 Nc6 3. g3 g6 4. Bg2 Bg7 5. d3 e6 6. Nf3 Nge7 7. Be3 Nd4 8. 0-0 Nec6 9. a3 0-0 10. Rb1 Rb8 11. Ne2 e5 12. c3 Nxf3+ 13. Bxf3 d6 14. Qd2 Re8 15. b4 b6 16. Bh6 Bh8 17. Bg2 Qe7 18. b5 Nd8 19. c4 f6 20. Be3 Ne6 21. Nc3 Nc7 22. a4 Bg7 23. Bh6 Bh8 24. h4 Bb7 25. g4 Ne6 26. Be3 g5 27. hxg5 fxg5 28. Ne2 Nf4 29. Ng3 Bg7 30. Nf5 Qf6 31. Bf3 Kf7 32. Bxf4 exf4 33. Kg2 Rh8 34. Rh1 h6 35. a5 Rbd8 36. a6 Bc8 37. Nxg7 Qxg7 38. Bd1 Ke6 39. f3 Qd4 40. Rh5 Rd7 41. Bc2 Rdh7 42. Re1 Ke5 43. Reh1 Be6 44. Qe2 Bf7 45. R5h2 h5 46. gxh5 Bxh5 47. Bd1 Qc3 48. Qf1 Qd2+ 49. Qe2 Bxf3+ 50. Kxf3 Rxh2 51. Rxh2 Rxh2 52. Qxd2 Rxd2 0-1

[Event "Olomouc Seniors op"]
[Site "Olomouc"]
[Date "2022.08.15"]
[Round "4"]
[White "Zeman, Ladislav"]
[Black "Spanton, Timothy"]
[Result "1-0"]
[WhiteElo "1755"]
[BlackElo "1852"]
[PlyCount "123"]
[EventDate "2022.08.13"]
[EventType "swiss"]
[EventRounds "9"]
[EventCountry "CZE"]
[SourceTitle "CBM 209 Extra"]
[Source "ChessBase"]
[SourceDate "2022.09.30"]
[SourceVersion "1"]
[SourceVersionDate "2022.09.30"]
[SourceQuality "1"]

1. e4 e5 2. Nf3 Nc6 3. d4 exd4 4. Nxd4 Qf6 5. Be3 Bc5 6. c3 Nge7 7. Be2 0-0 8. 0-0 d5 9. Nxc6 Qxc6 10. Bxc5 Qxc5 11. Nd2 Be6 12. Qc2 Rad8 13. Bd3 h6 14. Rfe1 Rd7 15. Re3 d4 16. Rg3 dxc3 17. bxc3 Rfd8 18. Nf1 Nc6 19. Rb1 Bc4 20. Bxc4 Qxc4 21. Ne3 Qd3 22. Qxd3 Rxd3 23. Nd5 Rd2 24. a3 Ne5 25. h3 c6 26. Ne7+ Kf8 27. Rxb7 Rd1+ 28. Kh2 R8d7 29. Rxd7 Rxd7 30. Nf5 f6 31. Nd4 c5 32. Ne6+ Kf7 33. Nxc5 Rd2 34. f4 Nc4 35. a4 g6 36. Rd3 Rxd3 37. Nxd3 Ke6 38. h4 Kd6 39. Kh3 a5 40. Kg4 Nb6 41. Nb2 Kc5 42. h5 gxh5+ 43. Kf5 Nd7 44. Ke6 Kc6 45. Nd3 Nb6 46. Nb2 Nd7 47. e5 fxe5 48. fxe5 Nc5+ 49. Kf5 Kd5 50. c4+ Kc6 51. Kg6 Kd7 52. Kxh6 Ke6 53. Kxh5 Kxe5 54. g4 Kf6 55. Kh6 Ne4 56. Nd3 Ng5 57. c5 Nf7+ 58. Kh5 Nd8 59. g5+ Kf5 60. g6 Ne6 61. c6 Kf6 62. Kh6 1-0

[Event "Litomysl op 18th"]
[Site "Litomysl"]
[Date "2016.12.26"]
[Round "1"]
[White "Zeman, Ladislav"]
[Black "Klima, Lukas"]
[Result "1-0"]
[WhiteElo "1816"]
[BlackElo "2356"]
[PlyCount "45"]
[EventDate "2016.12.26"]
[EventType "swiss"]
[EventRounds "9"]
[EventCountry "CZE"]
[SourceTitle "CBM 176 Extra"]
[Source "ChessBase"]
[SourceDate "2017.03.02"]
[SourceVersion "1"]
[SourceVersionDate "2017.03.02"]
[SourceQuality "1"]

1. e4 c5 2. Nc3 Nc6 3. g3 g6 4. Bg2 Bg7 5. Nge2 e6 6. d3 Nge7 7. Be3 d6 8. Qd2 Nd4 9. 0-0-0 Qb6 10. Rde1 h5 11. Kb1 Nec6 12. Nd1 Ne5 13. Nxd4 cxd4 14. Bg5 Bd7 15. f4 Nc6 16. c4 d5 17. f5 f6 18. fxe6 Bxe6 19. Bf4 Qc5 20. h4 b5 21. cxb5 Qxb5 22. Bd6 Nb4 23. exd5 1-0

[Event "CZE-ch Seniors 70"]
[Site "Rychnov nad Kneznou"]
[Date "2015.08.16"]
[Round "2"]
[White "Pecka, Frantisek"]
[Black "Zeman, Ladislav"]
[Result "1-0"]
[WhiteElo "2069"]
[BlackElo "1849"]
[PlyCount "73"]
[EventDate "2015.08.15"]
[EventType "swiss"]
[EventRounds "9"]
[EventCountry "CZE"]
[SourceTitle "EXT 2016"]
[Source "ChessBase"]
[SourceDate "2015.10.08"]
[SourceVersion "1"]
[SourceVersionDate "2015.10.08"]
[SourceQuality "1"]

1. e4 e5 2. Nf3 Nc6 3. Bc4 Be7 4. d4 d6 5. h3 exd4 6. Nxd4 Nxd4 7. Qxd4 Bf6 8. Qd5 Qd7 9. 0-0 c6 10. Qh5 Bd8 11. Nc3 Nf6 12. Qe2 0-0 13. Bd3 Re8 14. f4 b5 15. a3 Kh8 16. Qf3 Bc7 17. Bd2 Bb7 18. Rae1 Rab8 19. Be3 a6 20. Ba7 Ra8 21. Bd4 Bd8 22. Bxf6 Bxf6 23. e5 Be7 24. e6 fxe6 25. Qh5 g6 26. Bxg6 Bf6 27. Bxe8 Rxe8 28. f5 Rg8 29. fxe6 c5 30. Rxf6 Qg7 31. Rf2 Qd4 32. g4 Bf3 33. Kf1 b4 34. axb4 cxb4 35. e7 Bc6 36. e8Q Bxe8 37. Rxe8 1-0

[Event "CZE-chT2D 1415"]
[Site "Czech Republic"]
[Date "2014.12.14"]
[Round "4.5"]
[White "Richterova, Natasa"]
[Black "Zeman, Ladislav"]
[Result "1-0"]
[WhiteElo "2073"]
[BlackElo "1939"]
[PlyCount "121"]
[EventDate "2014.11.02"]
[EventType "team-tourn"]
[EventRounds "11"]
[EventCountry "CZE"]
[SourceTitle "EXT 2022"]
[Source "ChessBase"]
[SourceDate "2021.10.06"]
[SourceVersion "1"]
[SourceVersionDate "2021.10.06"]
[SourceQuality "1"]
[WhiteTeam "Jicin II"]
[BlackTeam "Policka Stefanydes II"]
[WhiteTeamCountry "CZE"]
[BlackTeamCountry "CZE"]

1. e4 e5 2. Nf3 Nc6 3. Bc4 Be7 4. 0-0 Nf6 5. Re1 0-0 6. Bb3 d6 7. c3 Bg4 8. d3 Bxf3 9. Qxf3 a5 10. a4 Qd7 11. h3 Kh8 12. Nd2 Ng8 13. Qe2 Bg5 14. Nf3 Bxc1 15. Raxc1 Rae8 16. Qc2 f5 17. Qd1 Nf6 18. Nh2 fxe4 19. dxe4 g6 20. Rc2 Kg7 21. Rd2 Qe7 22. g3 h5 23. h4 Nh7 24. Qe2 Nd8 25. Bd1 Ne6 26. Nf1 Nf6 27. f3 Nd7 28. Ne3 Nf6 29. Qg2 b6 30. Kh1 Nd8 31. Rg1 Rh8 32. Bc2 Nf7 33. Rf1 Ref8 34. Kg1 Qd7 35. Rff2 Rh6 36. Qf1 g5 37. Nf5+ Kh7 38. Nxh6 Kxh6 39. Rh2 gxh4 40. Rxh4 Ng5 41. Rf2 Qg7 42. Qg2 Ne6 43. Rh1 Rg8 44. Bb3 Re8 45. Bxe6 Rxe6 46. Qh3 Re8 47. Rhh2 Rg8 48. Rhg2 Qg5 49. f4 Qg6 50. Qf5 Nxe4 51. Qxg6+ Rxg6 52. Rf3 Rf6 53. Re3 d5 54. fxe5 Re6 55. c4 c6 56. cxd5 cxd5 57. Rc2 Kg5 58. Rf3 Nc5 59. Rcf2 Rxe5 60. Rf8 Re1+ 61. Kg2 1-0

[Event "CZE-chT2D 0910"]
[Site "Czech Republic"]
[Date "2010.01.17"]
[Round "5.8"]
[White "Zeman, Ladislav"]
[Black "Vachek, Jiri"]
[Result "1/2-1/2"]
[WhiteElo "2003"]
[BlackElo "1865"]
[PlyCount "88"]
[EventDate "2009.10.18"]
[EventType "team-tourn"]
[EventRounds "11"]
[EventCountry "CZE"]
[SourceTitle "EXT 2012"]
[Source "ChessBase"]
[SourceDate "2011.11.24"]
[SourceVersion "1"]
[SourceVersionDate "2011.11.24"]
[SourceQuality "1"]
[WhiteTeam "Litomysl"]
[BlackTeam "Brno Lokomotiva II"]
[WhiteTeamCountry "CZE"]
[BlackTeamCountry "CZE"]

1. e4 e6 2. d4 d5 3. Nd2 c5 4. Ngf3 Nc6 5. Bb5 Bd7 6. exd5 exd5 7. 0-0 Be7 8. Re1 c4 9. Bxc6 bxc6 10. Ne5 Rc8 11. Qh5 Be6 12. c3 Nf6 13. Qe2 0-0 14. b3 Qa5 15. Bb2 Ba3 16. Nf1 Ne4 17. b4 Qa4 18. f3 Bxb2 19. Qxb2 Nd6 20. Ng3 a5 21. bxa5 Qxa5 22. Qb4 Qxb4 23. cxb4 Nb5 24. Ne2 f6 25. Ng4 Na3 26. Rec1 Bf5 27. Ne3 Bd3 28. Nf4 Rfe8 29. Kf2 Nb5 30. Nxd3 cxd3 31. Rd1 Nxd4 32. Rxd3 Nb5 33. a4 Ra8 34. Nc2 Nd6 35. b5 cxb5 36. Rxd5 Rec8 37. Nd4 Ra6 38. Nxb5 Rc2+ 39. Kg3 Nc4 40. Rd3 Rb2 41. Rc3 Rb4 42. Re1 Raxa4 43. Nc7 Nd6 44. Re2 Rc4 1/2-1/2

[Event "CZE-chT2D 0910"]
[Site "Czech Republic"]
[Date "2009.11.22"]
[Round "3.8"]
[White "Zeman, Ladislav"]
[Black "Micanek, Tomas"]
[Result "0-1"]
[WhiteElo "2003"]
[BlackElo "2122"]
[PlyCount "76"]
[EventDate "2009.10.18"]
[EventType "team-tourn"]
[EventRounds "11"]
[EventCountry "CZE"]
[SourceTitle "EXT 2012"]
[Source "ChessBase"]
[SourceDate "2011.11.24"]
[SourceVersion "1"]
[SourceVersionDate "2011.11.24"]
[SourceQuality "1"]
[WhiteTeam "Litomysl"]
[BlackTeam "Brno Duras II"]
[WhiteTeamCountry "CZE"]
[BlackTeamCountry "CZE"]

1. e4 c5 2. Nc3 Nc6 3. g3 g6 4. Bg2 Bg7 5. d3 d6 6. Nge2 Nd4 7. 0-0 Nf6 8. h3 0-0 9. Be3 Nd7 10. Qd2 Nxe2+ 11. Qxe2 Rb8 12. a4 a6 13. Qd2 b5 14. axb5 axb5 15. Bh6 b4 16. Bxg7 Kxg7 17. Nd5 Ne5 18. f4 Nc6 19. f5 f6 20. fxg6 hxg6 21. g4 g5 22. h4 e6 23. Ne3 gxh4 24. e5 Nxe5 25. Ra7+ Rf7 26. Rxf7+ Kxf7 27. Bh3 Bb7 28. Qf2 Nf3+ 29. Kh1 Nd2+ 30. Kg1 Nf3+ 31. Kh1 Nd2+ 32. Kg1 Nxf1 33. Kxf1 Qh8 34. Nc4 Ke7 35. Qf4 e5 36. Qf5 Bc8 37. Qe4 Qh6 38. g5 Bxh3+ 0-1